| 000 | 01328nam a2200397 i 4500 | ||
|---|---|---|---|
| 001 | 6868 | ||
| 003 | KOSZ 005 | ||
| 005 | 20191109100910.0 | ||
| 008 | 961010s1994 pl g f |000 0 pol d | ||
| 020 | _a8385451536 | ||
| 040 |
_cKOSZ 005 _aKOSZ 005 _dKOSZ 005/HR |
||
| 041 | 1 |
_apol _heng |
|
| 046 | _k1994 | ||
| 080 | _a004.738.5 | ||
| 080 | _a(07) | ||
| 100 | 1 |
_aCrumlish, Christian _eAutor |
|
| 245 | 1 | 0 |
_aPrzewodnik po sieci Internet / _cChristian Crumlish ; [tł. Jacek Mazurkiewicz]. |
| 246 | 3 | 0 |
_iTyt. oryg.: _aA guided tour of the Internet |
| 260 |
_aWarszawa : _bEXIT, _c[1994]. |
||
| 300 |
_a305 s. ; _c21 cm. |
||
| 336 |
_2rdacontent _aTekst _btxt |
||
| 337 |
_2rdamedia _aBez urządzenia pośredniczącego _bn |
||
| 338 |
_2rdacarrier _aWolumin _bnc |
||
| 380 | _aKsiążki | ||
| 380 | _aPoradniki i przewodniki | ||
| 388 | _a1901-2000 | ||
| 388 | _a1989-2000 | ||
| 500 | _aOryg.: "A guided tour of the Internet" 1994. | ||
| 504 | _aIndeks. | ||
| 650 | 7 | _aInternet | |
| 658 | _aInformatyka i technologie informacyjne | ||
| 700 | 1 |
_aMazurkiewicz, Jacek _c(informatyk) _eTłumaczenie |
|
| 710 | 2 |
_aAkademicka Oficyna Wydawnicza Exit _4pbl |
|
| 856 |
_uhttp://koha.tu.koszalin.pl/cgi-bin/koha/opac-detail.pl?biblionumber=6868 _yKatalog online BPK |
||
| 942 |
_cKS _2UKD |
||
| 999 |
_c6868 _d6868 |
||